[Event "POL-ch U16"]
[Site "Wisla"]
[Date "2000.??.??"]
[Round "5"]
[White "Plicner, Adam"]
[Black "Jarzab, Adam"]
[Result "0-1"]
[WhiteElo "2000"]
[BlackElo "1800"]
[PlyCount "55"]
[EventDate "2000.02.26"]
[EventType "swiss"]
[EventRounds "10"]
[EventCountry "POL"]
[SourceTitle "EXT 2005"]
[Source "ChessBase"]
[SourceDate "2004.11.15"]
[SourceVersion "1"]
[SourceVersionDate "2004.11.15"]
[SourceQuality "1"]

1. d4 d5 2. Nf3 Nf6 3. Bf4 Bg4 4. e3 e6 5. h3 Bh5 6. Be2 Bd6 7. Ne5 Bxe2 8. Qxe2 c6 9. 0-0 0-0 10. Nd2 Na6 11. Nxc6 bxc6 12. Qxa6 Bxf4 13. exf4 Qc7 14. g3 c5 15. dxc5 Qxc5 16. Qd3 Rab8 17. b3 Rbc8 18. c4 Rfd8 19. Rac1 dxc4 20. Qxc4 Qe7 21. Qxc8 Rxc8 22. Rxc8+ Ne8 23. Ne4 h6 24. Rd1 Kh7 25. h4 Qb7 26. Rxe8 Qxe4 27. Red8 Kg6 28. R8d7 0-1